WTO and Indian agriculture: (Record no. 27939)

MARC details
000 -LEADER
fixed length control field 01881nam a22003617a 4500
005 - DATE AND TIME OF LATEST TRANSACTION
control field 20090627142837.0
008 - FIXED-LENGTH DATA ELEMENTS--GENERAL INFORMATION
fixed length control field 090627t xxu||||| |||| 00| 0 eng d
010 ## - LCCN (DPL NO)
LC control number ENG-94262-64
020 ## - INTERNATIONAL STANDARD BOOK NUMBER
International Standard Book Number 8183243088 (series)
Terms of availability 2900.00(set of 3 pts.)
020 ## - INTERNATIONAL STANDARD BOOK NUMBER
International Standard Book Number 8183243192 (pt.I)
Terms of availability 2900.00(set of 3 pts.)
020 ## - INTERNATIONAL STANDARD BOOK NUMBER
International Standard Book Number 8183243207 (pt.II)
Terms of availability 2900.00(set of 3 pts.)
020 ## - INTERNATIONAL STANDARD BOOK NUMBER
International Standard Book Number 8183243245 (pt. III)
Terms of availability 2900.00(set of 3 pts.)
035 ## - SYSTEM CONTROL NUMBER
System control number EN-77795-97
037 ## - SOURCE OF ACQUISITION
Source of stock number/acquisition DBAD / PUB
040 ## - CATALOGING SOURCE
Original cataloging agency dpl
Language of cataloging English
082 ## - DEWEY DECIMAL CLASSIFICATION NUMBER
Classification number 338.10954
245 ## - TITLE STATEMENT
Title WTO and Indian agriculture:
Statement of responsibility, etc [edited by] Rais Ahmad ; foreword by M.S. Swaminathan.
Remainder of title opportunities, problems and chalenges /
246 ## - VARYING FORM OF TITLE
Title proper/short title World Trade Organisation and Indian agriculture
260 ## - PUBLICATION, DISTRIBUTION, ETC. (IMPRINT)
Place of publication, distribution, etc New Delhi
Name of publisher, distributor, etc Mittal Publications
Date of publication, distribution, etc 2009
270 ## - ADDRESS
Address 4594/9, Daryaganj,
City New Delhi
Postal code 110002
300 ## - PHYSICAL DESCRIPTION
Extent 3pt. (xxxv, 395p.; xxxv, 396-787p.; xxxv, 788-1055p.)
Dimensions 23cm(Hb)
Other physical details ill., maps
500 ## - GENERAL NOTE
General note This book is published in 3 pts. and set price is 2900.00
500 ## - GENERAL NOTE
General note Includes index
610 ## - SUBJECT ADDED ENTRY--CORPORATE NAME
Corporate name or jurisdiction name as entry element World Trade Organization.
650 ## - SUBJECT ADDED ENTRY--TOPICAL TERM
Topical term or geographic name as entry element Agriculture
General subdivision Economic aspects
Geographic subdivision India
650 ## - SUBJECT ADDED ENTRY--TOPICAL TERM
Topical term or geographic name as entry element Agriculture and state
Geographic subdivision India
650 ## - SUBJECT ADDED ENTRY--TOPICAL TERM
Topical term or geographic name as entry element Tariff on farm produce
Geographic subdivision India
700 ## - ADDED ENTRY--PERSONAL NAME
Personal name Ahmad, Rais,
Dates associated with a name 1958-
942 ## - ADDED ENTRY ELEMENTS (KOHA)
Source of classification or shelving scheme Dewey Decimal Classification
Item type English Books
Call number suffix RAI
Classification part 338.10954
Holdings
Withdrawn status Lost status Source of classification or shelving scheme Materials specified (bound volume or other part) Damaged status Not for loan Collection code Home library Current library Date acquired Source of acquisition Cost, normal purchase price Total Checkouts Full call number Barcode Date last seen Copy number Cost, replacement price Koha item type Public note
    Dewey Decimal Classification v.1   Not For Loan Non-fiction D.B.Act.Division D.B.Act.Division 27/06/2009 DBAD / PUB 2900.00   338.10954 RAI EN-77795 27/06/2009 1 2900.00 English Books v.1
    Dewey Decimal Classification v.2   Not For Loan Non-fiction D.B.Act.Division D.B.Act.Division 27/06/2009 DBAD / PUB 2900.00   338.10954 RAI EN-77796 27/06/2009 1 2900.00 English Books v.2
    Dewey Decimal Classification v.3   Not For Loan Non-fiction D.B.Act.Division D.B.Act.Division 27/06/2009 DBAD / PUB 2900.00   338.10954RAI EN-77797 27/06/2009 1 2900.00 English Books v.3

© Delhi Public Library
Hit Counter
free hit counter